League of Legends serie skinów - Statystyki

Ogólne statystyki
  • Ten quiz został rozwiązany 129 razy
  • Średni wynik to 7 z 53
Statystyki odpowiedzi
Odpowiedź % Poprawnych
Project
72%
KDA
67%
Star Guardian
60%
Blood Moon
41%
High Noon
41%
Dark Star
39%
Arcade
38%
Spirit Blossom
32%
Pentakill
30%
True Damage
28%
Nightbringer
26%
Mecha
23%
Dawnbringer
22%
Cosmic
19%
Odyssey
17%
Elderwood
16%
Ruined
16%
Battle of the God-Kings
14%
Psy Ops
11%
Pulsefire
10%
Space Groove
9%
Snow Day
8%
Hextech
6%
Lunar Beast
6%
Omega Squad
6%
Program
6%
Winter Wonder
5%
Astronauts
4%
Death Sworn
4%
Demonic
4%
Headhunter
4%
Sugar rush
4%
Warring Kingdoms
4%
Goth
3%
Mecha Kingdoms
3%
Shan Hai Scrolls
2%
Toy Box
2%
Arcanists
1%
Battle Queens
1%
Pharaoh
1%
Praetorian
1%
Rift Quest
1%
Sentinels of light
1%
Snowdown Showdown
1%
Worldbreaker
1%
Fables
0%
Guardians of the Sands
0%
Hearthbreakers
0%
Immortal Journey
0%
Lancer
0%
Prehistoric Hunters
0%
Storybook
0%
Woad
0%
Nie znaleziono quizów pasujących do podanych kryteriów
Rozkład punktacji
Procent ludzi z każdym wynikiem
Percentyl według liczby udzielonych odpowiedzi
Twoja historia wyników
Nie rozwiązałeś tego quizu